000 00876 a2200169 4500
003 Nust
005 20230120105746.0
040 _cNust
082 _a808.83,ALL
100 _aAllen , Hervey
_9107218
245 _aAction at Aquila /
_cHervey Allen
260 _aLondon
_bVictor Gollanccz
_c1938
300 _a450:p
505 _aThe City of Brotherly Love (Page-15), Hurrah Boys Hurrah (Page-53), Yesterday and Tomorrow (Page-65), Twilight at Harrisburg (Page-74), A Barefooted Recital (Page-94), The Valley of Delight (Page-115), A Mad Dog Interlude (Page-125), The Escape of Sergeant Smith (Page-168), A Voice in the Wilderness (Page-185), The Arming of William Farfar (Page-198), Madam O’Riley follows the Flag (Page-208), The Valley of Solitude (Page-222), Coiner’s Retreat (Page-233), Dolls in the Shadows (Page-264).
650 _aNovel
_92525
942 _2ddc
_cBK
999 _c186862
_d186862